(Record no. 188308)

MARC details
000 -LEADER
fixed length control field 00598nam a2200145Ia 4500
041 ## - LANGUAGE CODE
Language code of text/sound track or separate title Arabic
082 ## - DEWEY DECIMAL CLASSIFICATION NUMBER
Classification number 321,4 cut-459 ب
100 ## - MAIN ENTRY--PERSONAL NAME
Personal name 20260118u\\\\\\\\\\\y0engy0103\\\\ba
Personal name ا.د.سرهنك حميد البرزنجي
245 #0 - TITLE STATEMENT
Title مقومات الدستور الديمقراطي واليات المدافعة عنه دراسة تحليلية نقدية مقارنة في ضوء المبادي العامة للدساتير المعاصرة
250 ## - EDITION STATEMENT
Edition statement ط1
260 ## - PUBLICATION, DISTRIBUTION, ETC. (IMPRINT)
Name of publisher, distributor, etc المكتب الجامعي الحديث
Place of publication, distribution, etc القاهرة - مصر
Date of publication, distribution, etc 2020
300 ## - PHYSICAL DESCRIPTION
Extent 327
942 ## - ADDED ENTRY ELEMENTS (KOHA)
Koha item type Books
Holdings
Withdrawn status Lost status Damaged status Not for loan Collection code Home library Current library Shelving location Date acquired Total Checkouts Full call number Barcode Date last seen Copy number Price effective from Koha item type
          Koya University Central Library Koya University Central Library Books 18/01/2026   321,4 cut-459 ب 0000091944 18/01/2026 1 18/01/2026 Books